[Event "Mauricie op"]
[Site "Trois Rivieres CAN"]
[Date "2007.03.17"]
[Round "3"]
[White "Fareh, Youness"]
[Black "Mai, Lloyd"]
[Result "1-0"]
[WhiteElo "2161"]
[BlackElo "2130"]
[PlyCount "67"]
[GameId "2160767910709794"]
[EventDate "2007.03.16"]
[EventType "swiss"]
[EventRounds "5"]
[EventCountry "CAN"]
[SourceTitle "EXT 2022"]
[Source "ChessBase"]
[SourceDate "2021.10.06"]
[SourceVersion "1"]
[SourceVersionDate "2021.10.06"]
[SourceQuality "1"]

1. Nf3 d6 2. c4 g6 3. g3 Bg7 4. Bg2 e5 5. d3 f5 6. Nc3 c6 7. Bg5 Nf6 8. c5 Be6 9. O-O h6 10. Be3 O-O 11. cxd6 Qxd6 12. d4 e4 13. Ne5 g5 14. f4 Nbd7 15. Qc2 gxf4 16. gxf4 Nd5 17. Nxd5 cxd5 18. Qb3 Qa6 19. Rf2 Nxe5 20. fxe5 Bxe5 21. Bxh6 Bxd4 22. Qg3+ Kh7 23. e3 Kxh6 24. Qh4+ Kg6 25. Bf1 Qb6 26. Rg2+ Kf7 27. Qh7+ Ke8 28. exd4 Qxd4+ 29. Kh1 Bd7 30. Rc1 Qb6 31. Rg6 Qe3 32. Re6+ Bxe6 33. Bb5+ Kd8 34. Qc7# 1-0

[Event "Mauricie op"]
[Site "Trois Rivieres CAN"]
[Date "2007.03.17"]
[Round "3"]
[White "Forget, David"]
[Black "Sicotte, Marc"]
[Result "0-1"]
[WhiteElo "1906"]
[BlackElo "2023"]
[PlyCount "88"]
[GameId "2160767910709795"]
[EventDate "2007.03.16"]
[EventType "swiss"]
[EventRounds "5"]
[EventCountry "CAN"]
[SourceTitle "EXT 2022"]
[Source "ChessBase"]
[SourceDate "2021.10.06"]
[SourceVersion "1"]
[SourceVersionDate "2021.10.06"]
[SourceQuality "1"]

1. d4 d5 2. c4 c6 3. Nf3 Nf6 4. cxd5 cxd5 5. Nc3 Nc6 6. Bf4 a6 7. Ne5 Qb6 8. Nxc6 bxc6 9. a3 e6 10. Na4 Qd8 11. e3 Be7 12. Bd3 Nd7 13. Qc2 Bb7 14. b4 a5 15. O-O f5 16. Nc5 Bxc5 17. bxc5 Ba6 18. Bxa6 Rxa6 19. Rab1 Qa8 20. Rb3 a4 21. Rb4 O-O 22. Rfb1 Ra7 23. R1b2 h6 24. Qb1 Kh7 25. Rb7 Rf7 26. Rxa7 Qxa7 27. Rb4 e5 28. Rb7 Qa5 29. dxe5 Nxe5 30. Rxf7 Nxf7 31. Qc1 Ng5 32. f3 Qb5 33. Qc2 g6 34. Be5 Ne6 35. Ba1 Qxc5 36. Qb2 Qxe3+ 37. Kf1 d4 38. Qb7+ Kg8 39. Qc8+ Kf7 40. Qb7+ Kf6 41. Bb2 Qb3 42. Qxb3 axb3 43. Ke2 Ke5 44. g3 Nc5 0-1

[Event "Mauricie op"]
[Site "Trois Rivieres CAN"]
[Date "2007.03.17"]
[Round "3"]
[White "Hamilton, Robert"]
[Black "Hua, Lefong"]
[Result "1-0"]
[WhiteElo "2308"]
[BlackElo "2364"]
[PlyCount "47"]
[GameId "2160767910709796"]
[EventDate "2007.03.16"]
[EventType "swiss"]
[EventRounds "5"]
[EventCountry "CAN"]
[SourceTitle "EXT 2008"]
[Source "ChessBase"]
[SourceDate "2007.11.25"]
[SourceVersion "1"]
[SourceVersionDate "2007.11.25"]
[SourceQuality "1"]

1. d4 Nf6 2. Bg5 c5 3. d5 Ne4 4. Bc1 e6 5. g3 exd5 6. Bg2 Nf6 7. e3 Nc6 8. Ne2 d6 9. Nbc3 Bf5 10. Nxd5 Nxd5 11. Bxd5 Nb4 12. e4 Nxd5 13. Qxd5 Bc8 14. Bf4 Qb6 15. O-O-O Be6 16. Qd3 O-O-O 17. Nc3 Be7 18. Nd5 Bxd5 19. Qxd5 Rhe8 20. e5 dxe5 21. Qxe5 Rd4 22. c3 Rxf4 23. Qxf4 Qg6 24. Rhe1 1-0

[Event "Mauricie op"]
[Site "Trois Rivieres CAN"]
[Date "2007.03.17"]
[Round "3"]
[White "Le Duin, Thierry"]
[Black "Benoit-Deschamps, Jean-Marc"]
[Result "0-1"]
[WhiteElo "2159"]
[BlackElo "2060"]
[PlyCount "96"]
[GameId "2160767910709798"]
[EventDate "2007.03.16"]
[EventType "swiss"]
[EventRounds "5"]
[EventCountry "CAN"]
[SourceTitle "EXT 2022"]
[Source "ChessBase"]
[SourceDate "2021.10.06"]
[SourceVersion "1"]
[SourceVersionDate "2021.10.06"]
[SourceQuality "1"]

1. d4 Nf6 2. Nf3 c5 3. e3 e6 4. Bd3 d5 5. c3 Nc6 6. O-O Bd6 7. Nbd2 O-O 8. e4 dxe4 9. Nxe4 Nxe4 10. Bxe4 h6 11. Bc2 cxd4 12. Qd3 f5 13. Nxd4 Nxd4 14. Qxd4 Qc7 15. Qh4 Rf6 16. Bb3 Kh7 17. Be3 f4 18. Bd2 e5 19. g3 g5 20. Bc2+ Bf5 21. Bxf5+ Rxf5 22. Qh3 Raf8 23. g4 R5f6 24. Qf3 Kg7 25. b3 h5 26. Kh1 Rh6 27. Rg1 Rfh8 28. gxh5 Rxh5 29. Rg2 Kf6 30. Kg1 Qh7 31. Qd5 Bb8 32. Re1 Rxh2 33. Rxh2 Qxh2+ 34. Kf1 Qh1+ 35. Qxh1 Rxh1+ 36. Ke2 Rxe1+ 37. Bxe1 e4 38. c4 Kf5 39. a4 Be5 40. b4 Bd4 41. c5 g4 42. a5 a6 43. Bd2 Ke5 44. Be1 Kd5 45. Kd2 Kc4 46. Kc2 f3 47. Kd1 e3 48. fxe3 Bxe3 0-1

[Event "Mauricie op"]
[Site "Trois Rivieres CAN"]
[Date "2007.03.17"]
[Round "3"]
[White "Panayotov, Ivo"]
[Black "Lemire-Paquin, Alexandre"]
[Result "1/2-1/2"]
[WhiteElo "1926"]
[BlackElo "1991"]
[PlyCount "187"]
[GameId "2160767910709799"]
[EventDate "2007.03.16"]
[EventType "swiss"]
[EventRounds "5"]
[EventCountry "CAN"]
[SourceTitle "EXT 2022"]
[Source "ChessBase"]
[SourceDate "2021.10.06"]
[SourceVersion "1"]
[SourceVersionDate "2021.10.06"]
[SourceQuality "1"]

1. e4 c5 2. Nf3 e6 3. d4 cxd4 4. Nxd4 Nc6 5. Be3 Nf6 6. Nc3 Qc7 7. Qd2 a6 8. f3 Bb4 9. a3 Be7 10. Be2 O-O 11. O-O Na5 12. Rad1 d6 13. Nb3 Nxb3 14. cxb3 b5 15. Rc1 Qb8 16. b4 Bb7 17. Rc2 d5 18. exd5 Nxd5 19. Nxd5 Bxd5 20. Bc5 Qb7 21. Rfc1 Rfd8 22. Bxe7 Qxe7 23. Qe3 g6 24. Rc7 Qd6 25. R7c5 Rd7 26. h4 h5 27. Qg5 Qe7 28. Qxe7 Rxe7 29. Kf2 Kg7 30. Ke3 Rb8 31. Bd3 Rd7 32. Rc7 Rbd8 33. Rxd7 Rxd7 34. a4 bxa4 35. Bxa6 Ra7 36. Bc4 Rb7 37. b5 Bxc4 38. Rxc4 Rxb5 39. Rxa4 Rxb2 40. g4 hxg4 41. Rxg4 Rh2 42. Rf4 f5 43. Kd4 Kf6 44. Kd3 Ke5 45. Rb4 f4 46. Rb5+ Kf6 47. Ke4 Rxh4 48. Rb8 g5 49. Rf8+ Kg7 50. Ra8 Rh1 51. Ke5 Re1+ 52. Kd6 Re3 53. Ke7 Rxf3 54. Kxe6 Rc3 55. Kf5 Rc5+ 56. Kg4 Re5 57. Ra6 Kf7 58. Rb6 Ke7 59. Ra6 Kf7 60. Rb6 Re6 61. Rb5 Rg6 62. Rb7+ Kf6 63. Rb6+ Kg7 64. Rb7+ Kh6 65. Rb5 Kg7 66. Rb7+ Kh6 67. Rb5 Kh7 68. Rb7+ Rg7 69. Rb6 Rg6 70. Rb7+ Kg8 71. Rb8+ Kf7 72. Rb7+ Ke8 73. Ra7 Kf8 74. Rb7 Kg8 75. Rb8+ Kh7 76. Rb7+ Rg7 77. Rb6 Rg6 78. Rb7+ Kh6 79. Rb5 Kh7 80. Rb7+ Kh6 81. Rb5 f3 82. Kxf3 Kh5 83. Rb4 Rc6 84. Kg3 Rc3+ 85. Kg2 g4 86. Rb5+ Kh4 87. Rb2 Rc4 88. Rb3 Rc2+ 89. Kg1 g3 90. Rb8 Rc1+ 91. Kg2 Rc2+ 92. Kg1 Rc1+ 93. Kg2 Rc2+ 94. Kg1 1/2-1/2

[Event "Mauricie op"]
[Site "Trois Rivieres CAN"]
[Date "2007.03.17"]
[Round "3"]
[White "Picard, Jean"]
[Black "Sauve, Richard"]
[Result "0-1"]
[WhiteElo "2115"]
[BlackElo "2005"]
[PlyCount "70"]
[GameId "2160767910709800"]
[EventDate "2007.03.16"]
[EventType "swiss"]
[EventRounds "5"]
[EventCountry "CAN"]
[SourceTitle "EXT 2022"]
[Source "ChessBase"]
[SourceDate "2021.10.06"]
[SourceVersion "1"]
[SourceVersionDate "2021.10.06"]
[SourceQuality "1"]

1. e4 e6 2. d4 d5 3. e5 b6 4. c3 Qd7 5. Nf3 Ba6 6. Bxa6 Nxa6 7. O-O Nb8 8. Qe2 Ne7 9. Na3 Nf5 10. Nc2 h5 11. Ne3 g6 12. a4 Nc6 13. b4 a5 14. b5 Nce7 15. c4 dxc4 16. Qxc4 Bh6 17. Nxf5 Nxf5 18. Bxh6 Rxh6 19. Rfd1 Ne7 20. Ng5 Nd5 21. Ne4 O-O-O 22. Rac1 Kb8 23. h4 Rhh8 24. Rb1 Qe7 25. Rdc1 Rd7 26. Qc6 Rhd8 27. Rc4 Qxh4 28. Nd2 Ne7 29. Qf3 Rxd4 30. Rxd4 Rxd4 31. Nb3 Rf4 32. Qe2 Re4 33. Qd2 Nd5 34. Qh6 Nc3 35. g3 Qh3 0-1

[Event "Mauricie op"]
[Site "Trois Rivieres CAN"]
[Date "2007.03.17"]
[Round "3"]
[White "Plante, Michel"]
[Black "Libersan, Thierry"]
[Result "0-1"]
[WhiteElo "1961"]
[BlackElo "2160"]
[PlyCount "80"]
[GameId "2160767910709801"]
[EventDate "2007.03.16"]
[EventType "swiss"]
[EventRounds "5"]
[EventCountry "CAN"]
[SourceTitle "EXT 2022"]
[Source "ChessBase"]
[SourceDate "2021.10.06"]
[SourceVersion "1"]
[SourceVersionDate "2021.10.06"]
[SourceQuality "1"]

1. d4 Nf6 2. Nf3 c5 3. dxc5 Na6 4. a3 Nxc5 5. b4 Nce4 6. Qd4 d6 7. e3 e5 8. Bb5+ Bd7 9. Bxd7+ Qxd7 10. Qd3 Be7 11. O-O O-O 12. Nbd2 Nxd2 13. Nxd2 Rfd8 14. Bb2 Qe6 15. c4 e4 16. Qe2 d5 17. c5 b6 18. cxb6 Qxb6 19. Bd4 Qe6 20. Nb3 Nd7 21. Rfc1 Bd6 22. Qb2 Ne5 23. Bxe5 Bxe5 24. Nd4 Qb6 25. g3 a5 26. b5 Bxd4 27. exd4 Rac8 28. Rxc8 Rxc8 29. Rc1 Rc4 30. Rxc4 dxc4 31. a4 h5 32. Kf1 Qf6 33. Qc3 Qe6 34. h4 f5 35. Qxa5 f4 36. Qd8+ Kh7 37. Qg5 c3 38. Qxh5+ Kg8 39. d5 Qc8 40. Qd1 f3 0-1

[Event "Mauricie op"]
[Site "Trois Rivieres CAN"]
[Date "2007.03.17"]
[Round "3"]
[White "Poirier, Erik"]
[Black "Pepin, Christian"]
[Result "1/2-1/2"]
[WhiteElo "2063"]
[BlackElo "1957"]
[PlyCount "76"]
[GameId "2160767910709802"]
[EventDate "2007.03.16"]
[EventType "swiss"]
[EventRounds "5"]
[EventCountry "CAN"]
[SourceTitle "EXT 2022"]
[Source "ChessBase"]
[SourceDate "2021.10.06"]
[SourceVersion "1"]
[SourceVersionDate "2021.10.06"]
[SourceQuality "1"]

1. d4 f5 2. c4 Nf6 3. g3 e6 4. Bg2 d5 5. Nc3 c6 6. b3 Be7 7. Nf3 O-O 8. O-O Bd7 9. Bg5 Be8 10. Ne5 Nbd7 11. Bxf6 Bxf6 12. f4 Be7 13. Bf3 Nf6 14. e3 Ne4 15. Nxe4 dxe4 16. Be2 c5 17. Qd2 cxd4 18. exd4 Qc7 19. Rfd1 Rd8 20. b4 Bf6 21. Qe3 Bxe5 22. fxe5 h6 23. Rac1 g5 24. Qc3 Ba4 25. Rd2 f4 26. Bg4 Bd7 27. d5 exd5 28. Bxd7 Rxd7 29. cxd5 Qb6+ 30. Qd4 e3 31. Qxb6 axb6 32. Rd3 Re8 33. e6 Rxe6 34. dxe6 Rxd3 35. Rc8+ Kg7 36. e7 f3 37. h4 Rd1+ 38. Kh2 f2 1/2-1/2

[Event "Mauricie op"]
[Site "Trois Rivieres CAN"]
[Date "2007.03.17"]
[Round "3"]
[White "Regnier, Alain"]
[Black "Paradis, Sylvain"]
[Result "1-0"]
[WhiteElo "2081"]
[BlackElo "1915"]
[PlyCount "95"]
[GameId "2160767910709803"]
[EventDate "2007.03.16"]
[EventType "swiss"]
[EventRounds "5"]
[EventCountry "CAN"]
[SourceTitle "EXT 2022"]
[Source "ChessBase"]
[SourceDate "2021.10.06"]
[SourceVersion "1"]
[SourceVersionDate "2021.10.06"]
[SourceQuality "1"]

1. c4 c5 2. Nc3 Nc6 3. g3 g6 4. Bg2 Bg7 5. e4 d6 6. Nge2 Bd7 7. d3 a6 8. Be3 Rb8 9. d4 cxd4 10. Nxd4 Ne5 11. b3 Ng4 12. Qd2 Nxe3 13. Qxe3 Qb6 14. Rd1 Qc7 15. O-O Nf6 16. Nd5 Qc5 17. Qd2 Nxd5 18. exd5 O-O 19. Rfe1 Bf6 20. Nf3 Qa3 21. h3 Rfd8 22. g4 e5 23. dxe6 Bxe6 24. Qf4 Bg7 25. Re2 b5 26. cxb5 Rxb5 27. Nd4 Re5 28. Nxe6 fxe6 29. Qc4 Rxe2 30. Qxe2 Kf7 31. Re1 e5 32. Bd5+ Ke7 33. Bc4 Qc5 34. Bxa6 Bf6 35. Qd2 Bh4 36. Re2 Bg3 37. Qg5+ Kd7 38. a4 Rf8 39. Bb5+ Ke6 40. Qd2 Bf4 41. Qd3 Rc8 42. Qe4 Kf6 43. Bc4 h5 44. Bd3 Rg8 45. Rc2 Qb6 46. Qd5 Rd8 47. Bc4 Qa5 48. Qxa5 1-0

[Event "Mauricie op"]
[Site "Trois Rivieres CAN"]
[Date "2007.03.17"]
[Round "3"]
[White "Robichaud, Louis"]
[Black "St Amand, Paul Jr"]
[Result "0-1"]
[WhiteElo "2180"]
[BlackElo "2065"]
[PlyCount "46"]
[GameId "2160767910709804"]
[EventDate "2007.03.16"]
[EventType "swiss"]
[EventRounds "5"]
[EventCountry "CAN"]
[SourceTitle "EXT 2022"]
[Source "ChessBase"]
[SourceDate "2021.10.06"]
[SourceVersion "1"]
[SourceVersionDate "2021.10.06"]
[SourceQuality "1"]

1. e4 c5 2. Nc3 Nc6 3. g3 g6 4. Bg2 Bg7 5. d3 d6 6. f4 e5 7. Nf3 Nge7 8. O-O O-O 9. f5 gxf5 10. Nh4 f4 11. gxf4 exf4 12. Bxf4 Ng6 13. Nf5 Bxf5 14. exf5 Nxf4 15. Rxf4 Be5 16. f6 Kh8 17. Qh5 Bxf4 18. Nd5 Be5 19. Kh1 Rg8 20. Be4 Rg6 21. c3 Qf8 22. Qf5 Qh6 23. Qf2 Rxf6 0-1

[Event "Mauricie op"]
[Site "Trois Rivieres CAN"]
[Date "2007.03.18"]
[Round "4"]
[White "Benoit-Deschamps, Jean-Marc"]
[Black "Audet-Bouchard, Nicolas"]
[Result "1/2-1/2"]
[WhiteElo "2060"]
[BlackElo "2200"]
[PlyCount "78"]
[GameId "2160767910709806"]
[EventDate "2007.03.16"]
[EventType "swiss"]
[EventRounds "5"]
[EventCountry "CAN"]
[SourceTitle "EXT 2022"]
[Source "ChessBase"]
[SourceDate "2021.10.06"]
[SourceVersion "1"]
[SourceVersionDate "2021.10.06"]
[SourceQuality "1"]

1. d4 Nf6 2. c4 e6 3. Nc3 Bb4 4. e3 b6 5. Nge2 Ba6 6. a3 Be7 7. Ng3 d5 8. Be2 O-O 9. cxd5 Bxe2 10. Qxe2 exd5 11. O-O Re8 12. f3 Nc6 13. Qd3 Qd7 14. Bd2 g6 15. Rad1 Rad8 16. Bc1 Kg7 17. Kh1 Ng8 18. b4 Bf6 19. Qa6 h5 20. Rfe1 Nge7 21. Bd2 h4 22. Nf1 Qf5 23. e4 dxe4 24. fxe4 Qh5 25. e5 Bg5 26. Bxg5 Qxg5 27. Ne4 Qf4 28. Nf6 Rh8 29. Re4 Qf5 30. Ne3 Qf2 31. Rf1 Qd2 32. Rd1 Qb2 33. Qc4 h3 34. g4 b5 35. Qd3 Nd5 36. Nfxd5 Rxd5 37. Rd2 Qa1+ 38. Rd1 Qb2 39. Rd2 Qa1+ 1/2-1/2

[Event "Mauricie op"]
[Site "Trois Rivieres CAN"]
[Date "2007.03.18"]
[Round "4"]
[White "Caire, Francois"]
[Black "St Amand, Paul Jr"]
[Result "1-0"]
[WhiteElo "2217"]
[BlackElo "2065"]
[PlyCount "111"]
[GameId "2160767910709807"]
[EventDate "2007.03.16"]
[EventType "swiss"]
[EventRounds "5"]
[EventCountry "CAN"]
[SourceTitle "EXT 2022"]
[Source "ChessBase"]
[SourceDate "2021.10.06"]
[SourceVersion "1"]
[SourceVersionDate "2021.10.06"]
[SourceQuality "1"]

1. d4 Nf6 2. Nf3 e6 3. c4 c5 4. d5 exd5 5. cxd5 d6 6. Nc3 g6 7. e4 Bg7 8. Be2 O-O 9. O-O Re8 10. Nd2 Nbd7 11. a4 Ne5 12. Qc2 g5 13. f3 a6 14. Nc4 Nxc4 15. Bxc4 Nd7 16. Kh1 Ne5 17. Be2 Rf8 18. Be3 f5 19. exf5 Bxf5 20. Qd2 h6 21. f4 gxf4 22. Rxf4 Qe7 23. Raf1 Bh7 24. g3 Rxf4 25. Bxf4 Qf6 26. Qe3 Qg6 27. Re1 Rf8 28. Bf1 Qc2 29. Re2 Qd3 30. Bh3 Qxe3 31. Bxe3 Nc4 32. Bf4 Bf5 33. Bxf5 Rxf5 34. b3 Nb6 35. Ne4 Rxd5 36. Nxd6 Rd3 37. Re3 Rd1+ 38. Kg2 Nd5 39. Re8+ Kh7 40. Nxb7 Nxf4+ 41. gxf4 Bd4 42. Re6 Rd2+ 43. Kf3 Rd3+ 44. Kg4 Rxb3 45. Nd6 Rb2 46. h4 Rb6 47. f5 Bg7 48. Ne4 Rb4 49. Kh5 Rxa4 50. Re7 Kg8 51. Kg6 Kf8 52. Rf7+ Ke8 53. Nd6+ Kd8 54. Kxg7 Rg4+ 55. Kf6 c4 56. Ke6 1-0

[Event "Mauricie op"]
[Site "Trois Rivieres CAN"]
[Date "2007.03.18"]
[Round "4"]
[White "Chartrand, Jean Bruno"]
[Black "Robichaud, Louis"]
[Result "1-0"]
[WhiteElo "1826"]
[BlackElo "2180"]
[PlyCount "105"]
[GameId "2160767910709808"]
[EventDate "2007.03.16"]
[EventType "swiss"]
[EventRounds "5"]
[EventCountry "CAN"]
[SourceTitle "EXT 2022"]
[Source "ChessBase"]
[SourceDate "2021.10.06"]
[SourceVersion "1"]
[SourceVersionDate "2021.10.06"]
[SourceQuality "1"]

1. d4 Nf6 2. c4 g6 3. Nc3 Bg7 4. e4 d6 5. Nf3 O-O 6. Be2 e5 7. O-O Nc6 8. d5 Ne7 9. b4 c6 10. Ne1 a5 11. bxa5 Qxa5 12. Bd2 c5 13. Nd3 Qd8 14. a4 Nd7 15. Qb3 f5 16. f3 Nf6 17. Nf2 h5 18. Rfb1 Ra6 19. Nb5 Nh7 20. Qc2 Kh8 21. a5 f4 22. Ra2 g5 23. Rab2 Bf6 24. Qd1 Rg8 25. Kh1 Rg7 26. Bc3 Ng8 27. Na3 Nh6 28. Rb6 Rxb6 29. Rxb6 Nf7 30. Nb5 Nf8 31. Na7 Nd7 32. Rb2 Nh6 33. Qb1 Nf8 34. Nxc8 Qxc8 35. a6 Qa8 36. axb7 Qb8 37. Ba5 Ng6 38. Bd1 Nh4 39. Ba4 g4 40. fxg4 Nxg4 41. Nxg4 hxg4 42. Bc6 g3 43. Qd1 f3 44. gxf3 g2+ 45. Kg1 Bg5 46. Bd2 Bxd2 47. Rxd2 Rxb7 48. Bxb7 Qxb7 49. Rf2 Qe7 50. f4 exf4 51. Qh5+ Kg7 52. Rxf4 Ng6 53. Rg4 1-0

[Event "Mauricie op"]
[Site "Trois Rivieres CAN"]
[Date "2007.03.18"]
[Round "4"]
[White "Hua, Lefong"]
[Black "Libersan, Thierry"]
[Result "1-0"]
[WhiteElo "2364"]
[BlackElo "2160"]
[PlyCount "61"]
[GameId "2160767910709810"]
[EventDate "2007.03.16"]
[EventType "swiss"]
[EventRounds "5"]
[EventCountry "CAN"]
[SourceTitle "EXT 2022"]
[Source "ChessBase"]
[SourceDate "2021.10.06"]
[SourceVersion "1"]
[SourceVersionDate "2021.10.06"]
[SourceQuality "1"]

1. d4 c5 2. d5 e5 3. e4 d6 4. Nc3 Be7 5. Nf3 Bg4 6. a4 Na6 7. h3 Bxf3 8. Bb5+ Kf8 9. Qxf3 Nb4 10. Qe2 Bg5 11. O-O Bxc1 12. Rfxc1 g6 13. a5 Kg7 14. Nd1 Nf6 15. a6 Nxa6 16. Bxa6 bxa6 17. Rxa6 Nh5 18. Rca1 Nf4 19. Qf3 Qe7 20. Ne3 Rhb8 21. Nc4 Rd8 22. Kh2 h6 23. Nb6 Rab8 24. Rxa7 Rb7 25. R7a6 g5 26. Nc4 h5 27. Ne3 Qf6 28. g3 g4 29. hxg4 hxg4 30. Qxg4+ Ng6 31. Nf5+ 1-0

[Event "Mauricie op"]
[Site "Trois Rivieres CAN"]
[Date "2007.03.18"]
[Round "4"]
[White "Larochelle, Martial"]
[Black "Sauve, Richard"]
[Result "1-0"]
[WhiteElo "2188"]
[BlackElo "2005"]
[PlyCount "59"]
[GameId "2160767910709812"]
[EventDate "2007.03.16"]
[EventType "swiss"]
[EventRounds "5"]
[EventCountry "CAN"]
[SourceTitle "EXT 2022"]
[Source "ChessBase"]
[SourceDate "2021.10.06"]
[SourceVersion "1"]
[SourceVersionDate "2021.10.06"]
[SourceQuality "1"]

1. d4 e6 2. Nf3 d5 3. c4 c6 4. Qc2 Nf6 5. Bg5 h6 6. Bh4 Qa5+ 7. Nbd2 Ne4 8. a3 Nd7 9. c5 g5 10. Bg3 Nxg3 11. hxg3 Bg7 12. e3 e5 13. b4 Qc7 14. dxe5 Nxe5 15. Nd4 Be6 16. Be2 O-O-O 17. Rb1 Bg4 18. Bxg4+ Nxg4 19. Nf5 Be5 20. Nf3 f6 21. Qa4 a6 22. b5 Nxf2 23. Kxf2 axb5 24. Qg4 Kb8 25. a4 bxa4 26. Qxa4 h5 27. N3d4 Bxd4 28. Nxd4 Kc8 29. Ne6 Qe5 30. Nxd8 1-0

[Event "Mauricie op"]
[Site "Trois Rivieres CAN"]
[Date "2007.03.18"]
[Round "4"]
[White "Lemire-Paquin, Alexandre"]
[Black "Le Duin, Thierry"]
[Result "1-0"]
[WhiteElo "1991"]
[BlackElo "2159"]
[PlyCount "117"]
[GameId "2160767910709814"]
[EventDate "2007.03.16"]
[EventType "swiss"]
[EventRounds "5"]
[EventCountry "CAN"]
[SourceTitle "EXT 2022"]
[Source "ChessBase"]
[SourceDate "2021.10.06"]
[SourceVersion "1"]
[SourceVersionDate "2021.10.06"]
[SourceQuality "1"]

1. b3 Nf6 2. Bb2 c5 3. f4 b6 4. Nf3 Bb7 5. e3 g6 6. Be2 Bg7 7. O-O O-O 8. a4 a5 9. Na3 Nc6 10. Nc4 d6 11. h3 Nb4 12. g4 Rb8 13. d3 Ba8 14. Qd2 Qd7 15. e4 h5 16. Nh2 hxg4 17. hxg4 Ne8 18. Bxg7 Nxg7 19. c3 Nc6 20. Ne3 f5 21. exf5 gxf5 22. g5 e6 23. d4 cxd4 24. cxd4 Nb4 25. Bc4 Qc6 26. Nf3 Qe4 27. Ng2 Qc2 28. Rac1 Qxd2 29. Nxd2 Bxg2 30. Kxg2 d5 31. Bb5 Rfc8 32. Kf2 Na2 33. Rxc8+ Rxc8 34. Ke2 Nc1+ 35. Kd1 Kf7 36. Nc4 dxc4 37. Kxc1 cxb3+ 38. Kb2 Rd8 39. Kc3 b2 40. Be2 Kg6 41. Rb1 Rh8 42. Rxb2 Rh4 43. Rxb6 Rxf4 44. Ra6 Kxg5 45. Rxa5 Ne8 46. Bc4 Re4 47. Re5 Rxe5 48. dxe5 Nc7 49. a5 f4 50. a6 f3 51. a7 f2 52. Kd4 Kf4 53. Bd3 Na8 54. Kc5 Kxe5 55. Kc6 Kd4 56. Bf1 e5 57. Kb7 e4 58. Kxa8 e3 59. Kb7 1-0

[Event "Mauricie op"]
[Site "Trois Rivieres CAN"]
[Date "2007.03.18"]
[Round "4"]
[White "Masse, Hugues"]
[Black "Regnier, Alain"]
[Result "1/2-1/2"]
[WhiteElo "2260"]
[BlackElo "2081"]
[PlyCount "89"]
[GameId "2160767910709815"]
[EventDate "2007.03.16"]
[EventType "swiss"]
[EventRounds "5"]
[EventCountry "CAN"]
[SourceTitle "EXT 2022"]
[Source "ChessBase"]
[SourceDate "2021.10.06"]
[SourceVersion "1"]
[SourceVersionDate "2021.10.06"]
[SourceQuality "1"]

1. d4 d6 2. Nf3 g6 3. c4 Bg7 4. e4 Nf6 5. Nc3 O-O 6. Be2 c5 7. O-O a6 8. Be3 Ng4 9. Bg5 h6 10. Bh4 g5 11. Bg3 Nf6 12. h3 cxd4 13. Nxd4 Nc6 14. Nb3 a5 15. a4 Be6 16. Bd3 Nd7 17. Rb1 Nde5 18. Nd5 Nxd3 19. Qxd3 f5 20. f3 f4 21. Bf2 Rc8 22. Bb6 Qd7 23. Nxa5 Ne5 24. Qd2 Nxc4 25. Nxc4 Rxc4 26. b3 Rc6 27. Bd4 Bxd4+ 28. Qxd4 Kf7 29. Rfd1 Bxh3 30. gxh3 Qxh3 31. Qf2 Rfc8 32. Qg2 Qh5 33. Qg4 Qxg4+ 34. fxg4 Rc2 35. Nb4 Re2 36. Re1 Rxe1+ 37. Rxe1 Rc3 38. Kf2 Rxb3 39. Nd5 e6 40. Nc7 Kf6 41. Rh1 Rb2+ 42. Kf3 Rb3+ 43. Kf2 Rb2+ 44. Kf3 Rb3+ 45. Kf2 1/2-1/2

[Event "Mauricie op"]
[Site "Trois Rivieres CAN"]
[Date "2007.03.18"]
[Round "4"]
[White "Prahov, Valentin"]
[Black "Fareh, Youness"]
[Result "1/2-1/2"]
[WhiteElo "2166"]
[BlackElo "2161"]
[PlyCount "64"]
[GameId "2160767910709817"]
[EventDate "2007.03.16"]
[EventType "swiss"]
[EventRounds "5"]
[EventCountry "CAN"]
[SourceTitle "EXT 2022"]
[Source "ChessBase"]
[SourceDate "2021.10.06"]
[SourceVersion "1"]
[SourceVersionDate "2021.10.06"]
[SourceQuality "1"]

1. e4 c5 2. Nf3 e6 3. d4 cxd4 4. Nxd4 Nf6 5. Nc3 Nc6 6. Ndb5 Bb4 7. a3 Bxc3+ 8. Nxc3 d5 9. exd5 exd5 10. Bd3 O-O 11. O-O d4 12. Ne2 Bg4 13. f3 Bh5 14. Ng3 Bg6 15. Bg5 Qd6 16. Qd2 Bxd3 17. Qxd3 Nd5 18. Rfe1 Rfe8 19. Re4 Rxe4 20. Qxe4 Qe6 21. Re1 Re8 22. Re2 Qxe4 23. Rxe4 Rxe4 24. Nxe4 f6 25. Bd2 b6 26. Kf2 Kf7 27. Ke2 Ke6 28. Kd3 Ke5 29. g3 Nde7 30. Kc4 g5 31. Nf2 Nd5 32. b4 h5 1/2-1/2

[Event "Mauricie op"]
[Site "Trois Rivieres CAN"]
[Date "2007.03.18"]
[Round "4"]
[White "Sicotte, Marc"]
[Black "Laptos, Krzysztof"]
[Result "1/2-1/2"]
[WhiteElo "2023"]
[BlackElo "2231"]
[PlyCount "57"]
[GameId "2160767910709818"]
[EventDate "2007.03.16"]
[EventType "swiss"]
[EventRounds "5"]
[EventCountry "CAN"]
[SourceTitle "EXT 2022"]
[Source "ChessBase"]
[SourceDate "2021.10.06"]
[SourceVersion "1"]
[SourceVersionDate "2021.10.06"]
[SourceQuality "1"]

1. d4 b6 2. c4 e6 3. e4 Bb7 4. Bd3 Bb4+ 5. Nd2 f5 6. f3 fxe4 7. fxe4 Nf6 8. Qe2 Bxd2+ 9. Kxd2 d6 10. Kc3 e5 11. Nf3 O-O 12. d5 c6 13. b3 cxd5 14. cxd5 Nbd7 15. Be3 Bxd5 16. exd5 e4 17. Bxe4 Nxe4+ 18. Kb2 Ndc5 19. Bxc5 Nxc5 20. a3 Qf6+ 21. Ka2 Rae8 22. Qc2 Re3 23. Rhf1 Nxb3 24. Ng5 Qxg5 25. Rxf8+ Kxf8 26. Rf1+ Ke7 27. Qc7+ Ke8 28. Qc8+ Ke7 29. Qc7+ 1/2-1/2

[Event "Mauricie op"]
[Site "Trois Rivieres CAN"]
[Date "2007.03.18"]
[Round "4"]
[White "Tremblay, Yves"]
[Black "Beaudoin, Stephane"]
[Result "1/2-1/2"]
[WhiteElo "1902"]
[BlackElo "2059"]
[PlyCount "81"]
[GameId "2160767910709819"]
[EventDate "2007.03.16"]
[EventType "swiss"]
[EventRounds "5"]
[EventCountry "CAN"]
[SourceTitle "EXT 2022"]
[Source "ChessBase"]
[SourceDate "2021.10.06"]
[SourceVersion "1"]
[SourceVersionDate "2021.10.06"]
[SourceQuality "1"]

1. e4 g6 2. d4 Bg7 3. Nc3 d6 4. Nf3 a6 5. Be2 Nd7 6. O-O c5 7. Be3 cxd4 8. Nxd4 Ngf6 9. Nb3 O-O 10. f4 b5 11. Bf3 Bb7 12. a3 Rc8 13. Qe2 Qc7 14. Qf2 Ba8 15. Rad1 a5 16. Nd4 b4 17. axb4 axb4 18. Nd5 Nxd5 19. exd5 Nf6 20. Qd2 Qd7 21. Ne2 Qb5 22. c3 Nxd5 23. Bxd5 Bxd5 24. Qxd5 Qxe2 25. Bc1 bxc3 26. bxc3 Bxc3 27. f5 Qe5 28. Qd3 Bb4 29. Qb3 Qc3 30. Qb1 Qc5+ 31. Kh1 Bc3 32. Bg5 Bg7 33. Bxe7 Rfe8 34. Bxd6 Qc2 35. fxg6 Qxg6 36. Qb7 Rcd8 37. Bg3 Qh5 38. Rc1 Rd3 39. Rc8 Rdd8 40. Rc7 Rf8 41. Qb3 1/2-1/2